|
|
|
|
| LEADER |
01167nam a2200253 a 4500 |
| 001 |
722549 |
| 008 |
090525s1996 bg b 100 0 eng d |
| 010 |
|
|
|a 97903168
|
| 020 |
|
|
|a 9843002393
|
| 040 |
|
|
|a DLC
|c DLC
|
| 082 |
0 |
0 |
|a 551.6
|2 21
|
| 100 |
1 |
|
|a Haque, Mahfuzul.
|
| 245 |
1 |
0 |
|a Climate change :
|b issues for the policy makers of Bangladesh /
|c Mahfuzul Haque.
|
| 260 |
|
|
|a Dhaka, Bangladesh :
|b Environment and Development Alliance,
|c 1996.
|
| 300 |
|
|
|a iii, 84 p. :
|b maps ;
|c 23 cm.
|
| 541 |
1 |
|
|e 00007070
|
| 650 |
|
0 |
|a Greenhouse effect, Atmospheric
|x Environmental aspects
|z Bangladesh.
|
| 650 |
|
0 |
|a Climatic changes
|x Government policy
|z Bangladesh.
|
| 650 |
|
0 |
|a Global warming
|x Government policy
|z Bangladesh.
|
| 710 |
2 |
|
|a Environment and Development Alliance (Dhaka, Bangladesh)
|
| 711 |
2 |
|
|a Workshop on "Special Situation of Low-lying Deltaic Countries to Climate Change: Issues for the Policy Makers of Bangladesh".
|
| 852 |
4 |
|
|a Ayesha Abed Library
|j General Shelf.
|
| 999 |
|
|
|c 994
|d 994
|
| 952 |
|
|
|0 0
|1 0
|2 ddc
|4 0
|6 551_600000000000000_HAQ
|7 0
|9 901
|a BRACUL
|b BRACUL
|c GEN
|d 2009-06-22
|e Not found
|l 3
|m 1
|o 551.6 HAQ
|p 3010007070
|r 2022-08-25
|s 2022-08-22
|t 1
|w 2009-06-22
|y BK
|